Catalog

Record Details

Catalog Search



Available copies

  • 1 of 1 copy available at LARL/NWRL Consortium.
  • 1 of 1 copy available at Lake Agassiz Regional Library. (Show preferred library)

Current holds

0 current holds with 1 total copy.

Show Only Available Copies
Location Call Number / Copy Notes Barcode Shelving Location Status Due Date
Crookston Public Library EASY READER E 631.2 AMS (Text) 33500013038302 Main Available -

Record details

  • ISBN: 9781977102584
  • ISBN: 1977102581
  • ISBN: 1977105386
  • ISBN: 9781977105387
  • Physical Description: 24 pages : color illustrations ; 19 cm.
  • Publisher: North Mankato, Minnesota : Pebble, [2019]

Content descriptions

Formatted Contents Note:
On the farm -- Places for animals -- Other places.
Summary, etc.:
"Go beyond the barn! Buildings on the Farm takes ... Read More
Target Audience Note:
Age 4-8.
Subject: Farm buildings > Juvenile literature.
Farm buildings.
Farm buildings.
JUVENILE NONFICTION / Architecture.
JUVENILE NONFICTION / Law & Crime / Farm & Ranch Life.
JUVENILE NONFICTION / Reader - Beginner.
JUVENILE NONFICTION / Technology / Agriculture.
Genre: Juvenile works.
LDR 02144cam a22005418i 4500
001315205
003LARL_NWRL_CONSORTIUM
00520190405210010.0
008180925s2019 mnu j 000 0 eng c
010 . ‡a 2018041986
040 . ‡aLBSOR/DLC ‡beng ‡erda ‡cDLC ‡dBDX ‡dYDX ‡dOCLCF ‡dIGA ‡dOCLCO ‡dXY4
019 . ‡a1048946414
020 . ‡a9781977102584 ‡q(hardcover)
020 . ‡a1977102581
020 . ‡z9781977105387 (pbk.)
020 . ‡z9781977102638 (ebook pdf)
020 . ‡a1977105386
020 . ‡a9781977105387
035 . ‡a(OCoLC)1048946261 ‡z(OCoLC)1048946414
042 . ‡apcc
08200. ‡a631.2 ‡223
1001 . ‡aAmstutz, Lisa J., ‡eauthor.
24510. ‡aBuildings on the farm / ‡cby Lisa J. Amstutz.
264 1. ‡aNorth Mankato, Minnesota : ‡bPebble, ‡c[2019]
300 . ‡a24 pages : ‡bcolor illustrations ; ‡c19 cm.
336 . ‡atext ‡2rdacontent
337 . ‡aunmediated ‡2rdamedia
338 . ‡avolume ‡2rdacarrier
4900 . ‡aFarm facts
5050 . ‡aOn the farm -- Places for animals -- Other places.
5211 . ‡aAge 4-8.
520 . ‡a"Go beyond the barn! Buildings on the Farm takes beginning readers on a structural tour that includes a barn, a stable, a machine shed, and more. Full-color photos highlight the buildings, while leveled text describes the basic function of each"-- ‡cProvided by publisher.
650 0. ‡aFarm buildings ‡vJuvenile literature.
650 7. ‡aFarm buildings. ‡2sears ‡0(LARL_NWRL_CONSORTIUM)19991
650 7. ‡aFarm buildings. ‡2fast ‡0(LARL_NWRL_CONSORTIUM)19991
650 7. ‡aJUVENILE NONFICTION / Architecture. ‡2bisacsh
650 7. ‡aJUVENILE NONFICTION / Law & Crime / Farm & Ranch Life. ‡2bisacsh
650 7. ‡aJUVENILE NONFICTION / Reader - Beginner. ‡2bisacsh
650 7. ‡aJUVENILE NONFICTION / Technology / Agriculture. ‡2bisacsh
655 7. ‡aJuvenile works. ‡2fast
901 . ‡a315205 ‡b ‡c315205 ‡tbiblio

Additional Resources